La situation sociale dans les états membres de l'union européenne pertinence des indicateurs quantitatifs pour le suivi des politiques sociales

Uloženo v:
Podrobná bibliografie
Hlavní autoři: Affichard, Joelle (Autor), Hantrais, Linda (Autor), Letablier, Marie Thérèse (Autor), Schultheis, Franz (Autor)
Médium: Kniha
Jazyk:francouzština
Vydáno: Dublin Fondation Europeenne 1998
Témata:
Tagy: Přidat tag
Žádné tagy, Buďte první, kdo vytvoří štítek k tomuto záznamu!

MARC

LEADER 00000nam a2200000 a 4500
001 UCP6318
003 CL-VaPUC
008 991021e19980000ie |||||||||||||||||fre|d
082 0 4 |a 361.2  |b AFF  |2 21 
100 0 |a Affichard, Joelle  |e author  |9 435357 
700 0 |a Hantrais, Linda  |e author  |9 435358 
700 0 |a Letablier, Marie Thérèse  |e author  |9 435359 
700 0 |a Schultheis, Franz  |e author  |9 435360 
245 1 3 |a La situation sociale dans les états membres de l'union européenne pertinence des indicateurs quantitatifs pour le suivi des politiques sociales 
300 |a 51 p 
942 |c BK 
945 |d 19991021 00:00:00  |a rbrito 
260 |a Dublin  |b Fondation Europeenne  |c 1998 
650 0 |a Trabajo social   |9 307856 
650 0 |a Políticas sociales  |9 358116 
650 0 |a Familias   |9 255641 
651 0 |a Europa  |9 255156 
583 |a last modification  |c 20150507 04:45:01  |k Rodrigo Vera 
999 |c 283909  |d 283907 
952 |0 0  |1 0  |4 0  |6 361_200000000000000_AFF_1998  |7 0  |8 A  |9 327446  |a BIBGIM  |b BIBGIM  |d 2019-11-20  |i 3507599  |o 361.2 AFF 1998  |p 3507599  |r 2025-01-15  |w 2019-11-20  |y BK  |k SSL